[Event "CZE-chT2f 0506"]
[Site "Czech Republic"]
[Date "2006.01.15"]
[Round "6.4"]
[White "Blaszczok, Grzegorz"]
[Black "Didi, Jan"]
[Result "0-1"]
[WhiteElo "2180"]
[BlackElo "2107"]
[PlyCount "79"]
[EventDate "2005.10.16"]
[EventType "team"]
[EventRounds "11"]
[EventCountry "CZE"]
[SourceTitle "EXT 2009"]
[Source "ChessBase"]
[SourceDate "2008.11.26"]
[SourceVersion "1"]
[SourceVersionDate "2008.11.26"]
[SourceQuality "1"]

1. e4 c5 2. Nf3 Nc6 3. d4 cxd4 4. Nxd4 d6 5. Nc3 Nf6 6. Be2 a6 7. 0-0 e6 8. Be3 Be7 9. a4 0-0 10. f4 Qc7 11. Kh1 Bd7 12. Qe1 Rac8 13. Qf2 Nb4 14. Bf3 Bc6 15. Nb3 d5 16. e5 Ne4 17. Bxe4 dxe4 18. Bb6 Qd7 19. Nc5 Qe8 20. Rac1 Nd5 21. Nxd5 Bxd5 22. c4 e3 23. Qxe3 Bxc5 24. Bxc5 Bxg2+ 25. Kxg2 Qc6+ 26. Kf2 Qxc5 27. Qxc5 Rxc5 28. b4 Rcc8 29. Rfd1 Rfd8 30. c5 Kf8 31. Rd6 Ke7 32. Rg1 Rg8 33. Rb6 Rc7 34. Rd1 Rd8 35. Rdd6 Rdd7 36. Ke3 Rd8 37. Kd4 Rdc8 38. Ke4 Rd8 39. Kd4 Rdc8 40. Ke3 0-1

[Event "Trinec op"]
[Site "Trinec"]
[Date "2002.01.01"]
[Round "8"]
[White "Blaszczok, Grzegorz"]
[Black "Luch, Michal"]
[Result "1/2-1/2"]
[WhiteElo "2201"]
[BlackElo "2130"]
[PlyCount "145"]
[EventDate "2001.12.27"]
[EventType "swiss"]
[EventRounds "9"]
[EventCountry "CZE"]
[SourceTitle "EXT 2003"]
[Source "ChessBase"]
[SourceDate "2002.11.25"]
[SourceVersion "1"]
[SourceVersionDate "2002.11.25"]
[SourceQuality "1"]

1. e4 c5 2. c3 d6 3. d4 Nf6 4. Bd3 e5 5. Ne2 Nc6 6. d5 Nb8 7. 0-0 Be7 8. f4 Nbd7 9. f5 c4 10. Bc2 Ng4 11. Kh1 Bg5 12. Ng1 Bxc1 13. Qxc1 b5 14. Qe1 Ngf6 15. Nd2 Rb8 16. b4 cxb3 17. axb3 Qc7 18. Qe3 a5 19. Ne2 h5 20. h3 Ba6 21. Ra2 b4 22. c4 Bb7 23. Rfa1 Ra8 24. Nc1 Ke7 25. Nd3 Rhc8 26. Qg5 Nc5 27. Nf2 Rh8 28. Bd1 Qb6 29. Qe3 Qc7 30. Nf3 Bc8 31. Ne1 Bb7 32. Ned3 Ncd7 33. Rc1 Rhc8 34. Rd2 Qb8 35. Qg5 Rh8 36. Qxg7 Qa7 37. Qg3 Rhg8 38. Qh4 Qe3 39. Re2 Qg5 40. Qxg5 Rxg5 41. Ra2 Rg3 42. Bf3 a4 43. Rxa4 Rxa4 44. bxa4 b3 45. Rb1 Ba6 46. Rxb3 Bxc4 47. Ra3 Rg8 48. Nb4 Nc5 49. a5 Ra8 50. Kh2 Kd7 51. Kg3 Bb5 52. Kh4 Ke7 53. g4 hxg4 54. hxg4 Nh7 55. Nd1 f6 56. Nc3 Bc4 57. Na4 Nxa4 58. Rxa4 Bb5 59. Ra1 Ng5 60. Kg3 Kd7 61. Kf2 Kc7 62. Ke3 Kb7 63. Bd1 Rh8 64. Bc2 Rh2 65. a6+ Ka7 66. Bd3 Rh3+ 67. Kd2 Bxd3 68. Nxd3 Nxe4+ 69. Kc2 Rh2+ 70. Kb3 Rh3 71. Kc4 Nd2+ 72. Kc3 Ne4+ 73. Kc4 1/2-1/2

[Event "Karvina op"]
[Site "Karvina"]
[Date "2002.??.??"]
[Round "2.20"]
[White "Blaszczok, Grzegorz"]
[Black "Foltyn, Lukasz"]
[Result "1/2-1/2"]
[WhiteElo "2172"]
[BlackElo "1600"]
[PlyCount "45"]
[EventDate "2002.06.25"]
[EventType "swiss"]
[EventRounds "9"]
[EventCountry "CZE"]
[SourceTitle "EXT 2003"]
[Source "ChessBase"]
[SourceDate "2002.11.25"]
[SourceVersion "1"]
[SourceVersionDate "2002.11.25"]
[SourceQuality "1"]

1. e4 c5 2. c3 Nc6 3. d4 e6 4. d5 Nce7 5. dxe6 fxe6 6. Be3 d6 7. Nf3 Nc6 8. c4 Be7 9. Nc3 Bf6 10. Qd2 a6 11. Rd1 Be7 12. Bg5 Bxg5 13. Nxg5 Nd4 14. Nf3 e5 15. Nxd4 cxd4 16. Nd5 Nf6 17. Bd3 0-0 18. 0-0 Be6 19. Qb4 Bxd5 20. cxd5 Qd7 21. f4 Ng4 22. fxe5 dxe5 23. Rxf8+ 1/2-1/2

[Event "Karvina op"]
[Site "Karvina"]
[Date "2002.??.??"]
[Round "6.28"]
[White "Blaszczok, Grzegorz"]
[Black "Stetz, Jan"]
[Result "1-0"]
[WhiteElo "2172"]
[BlackElo "1659"]
[PlyCount "109"]
[EventDate "2002.06.25"]
[EventType "swiss"]
[EventRounds "9"]
[EventCountry "CZE"]
[SourceTitle "EXT 2003"]
[Source "ChessBase"]
[SourceDate "2002.11.25"]
[SourceVersion "1"]
[SourceVersionDate "2002.11.25"]
[SourceQuality "1"]

1. e4 c5 2. c3 e6 3. d4 d5 4. exd5 exd5 5. Nf3 Nf6 6. Be3 cxd4 7. Nxd4 Nc6 8. Bb5 Bd7 9. 0-0 Nxd4 10. Bxd7+ Qxd7 11. Bxd4 Be7 12. Bxf6 gxf6 13. Qf3 0-0-0 14. Nd2 Rhg8 15. Rfd1 Qg4 16. Qxg4+ Rxg4 17. Nf3 h5 18. Rd3 Rdg8 19. g3 h4 20. Rxd5 hxg3 21. hxg3 Re4 22. Rad1 Rd8 23. Kg2 Re2 24. Rxd8+ Bxd8 25. Rd2 Re7 26. Nd4 Bb6 27. Kf3 Re1 28. Nf5 a5 29. Nd6+ Kc7 30. Nxf7 Bc5 31. Nh6 b5 32. Ng4 Be7 33. Re2 Rxe2 34. Kxe2 Kc6 35. Kf3 Kd5 36. Kf4 Kc4 37. Ke4 f5+ 38. Kxf5 Kd3 39. Ne3 Ke2 40. Nd5 Bf8 41. f4 Kd3 42. Nc7 b4 43. cxb4 axb4 44. Ne6 Bd6 45. g4 Kc2 46. g5 Kxb2 47. g6 Kxa2 48. g7 b3 49. g8Q b2 50. Nd4+ Ka1 51. Qa8+ Kb1 52. Nb5 Bxf4 53. Na3+ Kc1 54. Kxf4 Kd2 55. Nc4+ 1-0

[Event "Karvina op"]
[Site "Karvina"]
[Date "2002.??.??"]
[Round "7.21"]
[White "Bulava, Petr"]
[Black "Blaszczok, Grzegorz"]
[Result "0-1"]
[WhiteElo "2043"]
[BlackElo "2172"]
[PlyCount "40"]
[EventDate "2002.06.25"]
[EventType "swiss"]
[EventRounds "9"]
[EventCountry "CZE"]
[SourceTitle "EXT 2003"]
[Source "ChessBase"]
[SourceDate "2002.11.25"]
[SourceVersion "1"]
[SourceVersionDate "2002.11.25"]
[SourceQuality "1"]

1. d4 d5 2. c4 c6 3. Nf3 Nf6 4. Nc3 e6 5. Bg5 dxc4 6. e4 b5 7. e5 h6 8. Bh4 g5 9. Nxg5 hxg5 10. Bxg5 Nbd7 11. g3 Qb6 12. exf6 Bb7 13. Bg2 0-0-0 14. 0-0 c5 15. d5 b4 16. Na4 Qa6 17. b3 c3 18. Be3 exd5 19. Bxd5 Ne5 20. f4 Rxd5 0-1

[Event "Karvina op"]
[Site "Karvina"]
[Date "2002.??.??"]
[Round "9.20"]
[White "Hrouza, Ondrej"]
[Black "Blaszczok, Grzegorz"]
[Result "0-1"]
[WhiteElo "1885"]
[BlackElo "2172"]
[PlyCount "62"]
[EventDate "2002.06.25"]
[EventType "swiss"]
[EventRounds "9"]
[EventCountry "CZE"]
[SourceTitle "EXT 2003"]
[Source "ChessBase"]
[SourceDate "2002.11.25"]
[SourceVersion "1"]
[SourceVersionDate "2002.11.25"]
[SourceQuality "1"]

1. e4 d6 2. d4 Nf6 3. Nc3 g6 4. Be3 Bg7 5. f3 c6 6. g4 b5 7. h4 h5 8. gxh5 Nxh5 9. Nce2 Nd7 10. Nh3 Nb6 11. b3 Bxh3 12. Bxh3 a5 13. Bg4 Qc7 14. Nf4 Nxf4 15. Bxf4 c5 16. Be3 c4 17. Ke2 a4 18. h5 gxh5 19. Rxh5 Rxh5 20. Bxh5 axb3 21. cxb3 cxb3 22. Qxb3 Qc4+ 23. Qxc4 bxc4 24. f4 d5 25. e5 e6 26. f5 exf5 27. e6 Ke7 28. Bxf7 Na4 29. Kf3 Nc3 30. a3 Nb5 31. Kf2 f4 0-1